[Event "8th Open"]
[Site "Voronezh RUS"]
[Date "2004.06.20"]
[Round "9"]
[White "Avdeeva,V"]
[Black "Matsenko,S"]
[Result "0-1"]
[WhiteElo "2142"]
[BlackElo "2178"]

1.d4 d5 2.c4 c6 3.e3 Nf6 4.Nc3 e6 5.Nf3 Nbd7 6.Qc2 Bd6 7.Be2 O-O 8.O-O dxc4
9.Bxc4 e5 10.h3 Qe7 11.a3 c5 12.dxc5 Nxc5 13.b4 Ncd7 14.Ba2 Nb6 15.Nb5 Bb8
16.Bb2 a6 17.Nc3 e4 18.Nd2 Qc7 19.g3 Bxh3 20.Rfc1 Bf5 21.Ndxe4 Nxe4 22.Nxe4 Qxc2  0-1

[Event "Summer IV"]
[Site "Alushta UKR"]
[Date "2004.06.21"]
[Round "6"]
[White "Tishin,D"]
[Black "Tolstikh,N"]
[Result "1/2-1/2"]
[WhiteElo "2372"]
[BlackElo "2425"]

1.d4 d5 2.c4 c6 3.Nf3 Nf6 4.e3 e6 5.Nc3 Nbd7 6.Qc2 Bd6 7.Bd3 dxc4 8.Bxc4 O-O
9.O-O b5 10.Be2 Bb7 11.Rd1 Qe7 12.e4 e5 13.g3 h6 14.a3 Rfd8 15.dxe5 Nxe5  1/2-1/2

[Event "XVIII Open"]
[Site "Pula CRO"]
[Date "2004.06.21"]
[Round "2"]
[White "Vatter,H"]
[Black "Godena,M"]
[Result "0-1"]
[WhiteElo "2299"]
[BlackElo "2533"]

1.d4 d5 2.c4 e6 3.Nc3 c6 4.Nf3 Nf6 5.e3 a6 6.b3 Bb4 7.Bd2 Nbd7 8.Bd3 O-O
9.O-O Bd6 10.Qc2 h6 11.Rfd1 e5 12.cxd5 cxd5 13.dxe5 Nxe5 14.Nxe5 Bxe5 15.h3 Be6
16.f4 Bb8 17.Ne2 Ba7 18.Qb2 Qd7 19.Nd4 Bxh3 20.gxh3 Qxh3 21.Bf1 Qg3+ 22.Bg2 Rfe8
23.Bc1 Ng4 24.Nf5 Qh2+ 25.Kf1 Qxf4+  0-1

[Event "TCh-CRO"]
[Site "Rabac CRO"]
[Date "2004.06.21"]
[Round "1"]
[White "Doric,D"]
[Black "Pavasovic,D"]
[Result "0-1"]
[WhiteElo "2307"]
[BlackElo "2591"]

1.d4 Nf6 2.c4 e6 3.Nc3 d5 4.Nf3 c6 5.e3 Nbd7 6.Qc2 Bd6 7.b3 O-O 8.Be2 b6
9.O-O Bb7 10.e4 dxe4 11.Nxe4 Nxe4 12.Qxe4 Nf6 13.Qh4 c5 14.Bb2 Ne4 15.Qxd8 Rfxd8
16.Rad1 cxd4 17.Nxd4 Bc5 18.Bf3 e5 19.Bxe4 Bxe4 20.Nb5 Bd3 21.Rfe1 e4 22.Ba3 Bxa3
23.Nxa3 a6 24.f3 f5 25.fxe4 fxe4 26.Kf2 b5 27.Rd2 Rdc8 28.Rc1 Rc6 29.Ke3 Rac8
30.Rf2 g6 31.Kd4 Kg7 32.Rf4 h5 33.Rf2 Kh6 34.Rf7 Rd8+ 35.Ke3 h4 36.Rf2 Kg5
37.Rf7 Rdc8 38.Kd4 Rc5 39.h3 Rf5 40.Rxf5+ gxf5 41.c5 Kf4 42.Kd5 Kg3 43.Nc2 Kxg2
44.Ne3+ Kf2 45.Nxf5 e3 46.Nd4 e2 47.Nxe2 Bxe2 48.c6  0-1

[Event "Masters"]
[Site "Grenoble FRA"]
[Date "2004.06.23"]
[Round "7"]
[White "Silva,Se"]
[Black "Adda,O"]
[Result "0-1"]
[WhiteElo "2352"]
[BlackElo "2181"]

1.d4 d5 2.Nf3 Nf6 3.c4 c6 4.Nc3 e6 5.e3 Nbd7 6.Bd3 dxc4 7.Bxc4 b5 8.Be2 b4
9.Na4 Bd6 10.Qc2 Qc7 11.e4 e5 12.Bg5 O-O 13.Rc1 exd4 14.O-O Bb7 15.Nxd4 Bxh2+
16.Kh1 Bf4 17.Bxf4 Qxf4 18.Bf3 c5 19.Ne2 Qh4+ 20.Kg1 Ne5 21.Ng3 Nfg4 22.Bxg4 Nxg4
23.Rfe1 Qh2+ 24.Kf1 Ba6+ 25.Re2 f5 26.exf5 Rae8 27.Qb3+ Kh8 28.Rc2 Rxf5 29.Ke1 Qg1+
30.Nf1 Qxf2+  0-1

[Event "TCh-CRO"]
[Site "Rabac CRO"]
[Date "2004.06.23"]
[Round "4"]
[White "Doric,N"]
[Black "Kranjcevic,M"]
[Result "1-0"]
[WhiteElo "2371"]
[BlackElo "2215"]

1.d4 Nf6 2.Nf3 d5 3.c4 c6 4.Nc3 e6 5.e3 Be7 6.Bd3 O-O 7.e4 dxc4 8.Bxc4 b5
9.Bd3 b4 10.Ne2 Nbd7 11.Qc2 e5 12.Nxe5 Nxe5 13.dxe5 Nd7 14.Bf4 g5 15.Bg3 Nc5
16.Bc4 Be6 17.Rd1 Qc8 18.O-O Bxc4 19.Qxc4 Ne6 20.f4 gxf4 21.Bxf4 Rd8 22.Rd3 Rxd3
23.Qxd3 Qd8 24.Qg3+ Kh8 25.Bh6 Qg8 26.Qf3 Qg6 27.Be3 Kg8 28.Ng3 Rd8 29.Nf5 Bf8
30.h4 h5 31.Kh2 c5 32.Ng3 Ng7 33.Bg5 Rd4 34.Nf5 Nxf5 35.exf5 Qg7 36.Re1 Rg4
37.Re4 c4 38.Bf6 Rxe4 39.Qxe4 Qg4 40.Qxg4+ hxg4 41.e6 fxe6 42.fxe6 Bd6+ 43.Kg1 Kf8
44.Kf2 Bc5+ 45.Ke2 a5 46.h5 b3 47.axb3 cxb3 48.h6  1-0

[Event "FIDE WCh KO"]
[Site "Tripoli LBA"]
[Date "2004.06.24"]
[Round "3.5"]
[White "Aronian,L"]
[Black "Smirnov,P"]
[Result "0-1"]
[WhiteElo "2645"]
[BlackElo "2601"]

1.d4 d5 2.c4 e6 3.Nf3 Nf6 4.Nc3 c6 5.e3 Nbd7 6.Qc2 Bd6 7.g4 dxc4 8.Bxc4 e5
9.g5 Nd5 10.Bd2 exd4 11.Nxd4 O-O 12.Bxd5 cxd5 13.O-O-O Ne5 14.f4 Nc4 15.Nxd5 Bg4
16.Bc3 Bxd1 17.Rxd1 Nxe3 18.Nxe3 Bxf4 19.Nf5 Qxg5 20.Kb1 Bxe3 21.h4 Qf4 22.Nxg7 Rfd8
23.Nh5 Rxd1+ 24.Qxd1 Qf5+ 25.Ka1 Bc5 26.a3 Be7 27.Ng3 Qg6 28.Qd4 f6 29.Qd5+ Kf8
30.Nf5 Rd8 31.Qf3 Qg1+ 32.Ka2 Qd1 33.Qf4 Qd5+ 34.Ka1 Qh1+ 35.Ka2 Qd5+ 36.Kb1 Qb3
37.Nd4 Qc4 38.Qe4 Rd6 39.h5 Rb6 40.Kc2 Bc5 41.b3 Qf7 42.Qf3 Bxd4 43.Bxd4 Rc6+
44.Kb2 Qd7 45.Qf4 Qe6 46.a4 Kf7 47.Qf3 Qd6 48.Qe4 Qh2+ 49.Ka3 Qxh5 50.Qd3 Rd6
51.Qe4 Rd7 52.Bxa7 Qh3 53.Bc5 Qd3 54.Qh4 Rd5 55.Qb4 Kg6 56.Bf8 Qb1 57.Qxb7 Qa1+
58.Kb4 Rd4+ 59.Ka5 Qe1+ 60.b4 Qe5+ 61.Bc5 h5 62.Qc8 Re4 63.b5 h4 64.Qg8+ Kf5
65.Qc8+ Kg5 66.Qg8+ Kf4 67.Qf8 Qc3+ 68.Kb6 Rxa4 69.Qd6+ Kg5 70.Qd5+ Qe5 71.Be3+ Kg6
72.Qg8+ Kf5 73.Qh7+ Kg4 74.Qg6+ Kf3 75.Bc5 Qe6+ 76.Kc7 Qe5+ 77.Kb6 Re4 78.Qg1 Qe6+
79.Ka5 Qa2+ 80.Kb6 Re6+ 81.Kc7 Qe2 82.Qh1+ Kg4 83.Qg1+ Kh5 84.b6 Qe5+ 85.Kb7 Qe4+
86.Ka7 Qa4+ 87.Kb7 Re8 88.Kc7 Qf4+ 89.Kd7 Qe4 90.Qd1+ Kg6 91.Qd6 Rg8 92.Qd2 Qb7+  0-1

[Event "II Young Stars of the World"]
[Site "Kirishi RUS"]
[Date "2004.06.25"]
[Round "7"]
[White "Kuzubov,Y"]
[Black "Matlakov,M"]
[Result "1-0"]
[WhiteElo "2475"]
[BlackElo "2361"]

1.d4 d5 2.c4 c6 3.Nf3 Nf6 4.e3 e6 5.Nc3 Nbd7 6.Bd3 Bd6 7.O-O O-O 8.b3 Qe7
9.Qc2 e5 10.cxd5 cxd5 11.e4 exd4 12.Nxd5 Nxd5 13.exd5 Ne5 14.Nxe5 Qxe5 15.Bxh7+ Kh8
16.f4 Qxd5 17.Be4 Qc5 18.Qd3 f5 19.Qh3+ Kg8 20.Bd3 Be6 21.Bb2 b5 22.Rac1 Qb6
23.Qf3 Rac8 24.Rxc8 Rxc8 25.Bxf5 Bxf5 26.Qd5+ Kh8 27.Qxf5 d3+ 28.Kh1 Rc2
29.Re1 Re2 30.Rxe2 dxe2 31.Qh5+ Kg8 32.Qxe2 Qc7 33.Qxb5 Qe7 34.Be5 Bxe5 35.fxe5 Qa3
36.Qc4+ Kf8 37.Qc2 Qa5 38.Qe2  1-0

[Event "5th Open"]
[Site "Marseille FRA"]
[Date "2004.06.27"]
[Round "2"]
[White "Epishin,V"]
[Black "Cosma,I"]
[Result "1-0"]
[WhiteElo "2610"]
[BlackElo "2456"]

1.d4 d5 2.c4 e6 3.Nc3 c6 4.e3 Nf6 5.Nf3 Nbd7 6.Be2 Bd6 7.O-O O-O 8.a4 a5
9.Qc2 Bb4 10.b3 b6 11.Bb2 Bb7 12.Rac1 Qe7 13.Qb1 Ba3 14.Bxa3 Qxa3 15.Ne1 Qe7
16.Nd3 Ba6 17.Qc2 Rfc8 18.Rfd1 g6 19.Bf3 Bb7 20.Qb2 Ba6 21.Nb1 Ne4 22.Bxe4 dxe4
23.Ne5 Nf8 24.c5 f6 25.Nc4 Bxc4 26.Rxc4 Nd7 27.Nd2 f5 28.cxb6 Nxb6 29.Rc5 Qb7
30.Qa3 Nd7 31.Rc2 Rab8 32.Qe7 Re8 33.Qd6 Rbc8 34.Rdc1 Nb8 35.Qe5 Qb4 36.Nc4 Rcd8
37.Qc5 Qxb3 38.Rb2 Qd3 39.h3 f4 40.Rb7 fxe3 41.Nxe3 Rf8 42.Qe5 Qxd4 43.Qxe6+  1-0

[Event "7th Medoc Wines Open"]
[Site "Naujac sur Mer FRA"]
[Date "2004.06.28"]
[Round "2"]
[White "Kosten,A"]
[Black "Prakken,G"]
[Result "0-1"]
[WhiteElo "2516"]
[BlackElo "2265"]

1.c4 e6 2.Nc3 d5 3.d4 c6 4.e3 Nf6 5.Nf3 Nbd7 6.Bd3 dxc4 7.Bxc4 b5 8.Bd3 Bb7
9.e4 b4 10.Na4 c5 11.e5 Nd5 12.O-O h6 13.Re1 a6 14.Bd2 cxd4 15.Nxd4 Nc5 16.Nxc5 Bxc5
17.Qg4 Qb6 18.Re4 O-O-O 19.Rc1 Kb8 20.Rxc5 Qxc5 21.Nb3 Qb6 22.Rc4 a5 23.Nc5 Bc6
24.Qxg7 Bb5 25.Rc1 Bxd3 26.Nd7+ Rxd7 27.Qxh8+ Rd8 28.Qxh6 Qd4 29.Qg5 Re8
30.a3 Qxb2 31.axb4 axb4 32.h4 Qd4 33.Qh5 Bg6 34.Qe2 Qd3 35.Qe1 Qd4 36.Qe2 Qd3
37.Qe1 b3 38.h5 Bh7 39.Bb4 b2 40.Bd6+ Kb7  0-1

[Event "54th ch-RUS w"]
[Site "Kazan RUS"]
[Date "2004.06.30"]
[Round "2"]
[White "Matveeva,S"]
[Black "Galliamova,A"]
[Result "1/2-1/2"]
[WhiteElo "2496"]
[BlackElo "2502"]

1.d4 d5 2.c4 c6 3.Nc3 Nf6 4.Nf3 e6 5.e3 Nbd7 6.Qc2 b6 7.Bd3 Bb7 8.b3 Bd6
9.Bb2 O-O 10.O-O h6 11.Rad1 Qc7 12.e4 dxe4 13.Nxe4 Nxe4 14.Bxe4 Nf6 15.c5 Nxe4
16.Qxe4 bxc5 17.dxc5 Bxc5 18.Qg4 f6 19.Qxe6+ Qf7 20.Qf5 Bb6 21.Rd6 Rad8 22.Rfd1 Rxd6
23.Rxd6 Rd8 24.Rxd8+ Bxd8 25.Bd4  1/2-1/2

[Event "ch-NED w"]
[Site "Leeuwarden NED"]
[Date "2004.07.01"]
[Round "3"]
[White "Bosboom Lanchava,T"]
[Black "Peng Zhaoqin"]
[Result "0-1"]
[WhiteElo "2375"]
[BlackElo "2396"]

1.d4 d5 2.c4 e6 3.Nf3 Nf6 4.Nc3 c6 5.e3 Nbd7 6.Qc2 b6 7.Be2 Bb7 8.Bd2 Rc8
9.cxd5 exd5 10.Ne5 Bd6 11.f4 O-O 12.O-O c5 13.Qf5 cxd4 14.exd4 Bb4 15.Qh3 Nxe5
16.fxe5 Ne4 17.Bd3 Rc6 18.Be1 Bxc3 19.bxc3 Qc8 20.Qh4 Ba6 21.Bxe4 dxe4 22.Rf4 Bb7
23.Rg4 Rh6 24.Qg3 Rg6 25.Rxg6 hxg6 26.Bd2 Qc4 27.h4 Bd5 28.h5 Qe2 29.Bg5 gxh5
30.a4 Rc8 31.a5 b5 32.a6 Qg4 33.Qe3 h4 34.Be7 Rc6 35.Bd6 b4 36.cxb4 Rc2 37.Qh3 Qg5
38.Kh2 e3 39.Rg1 e2 40.e6 fxe6 41.Re1 Rc3 42.g3 Qe3 43.Qxh4 Qf2+ 44.Kh3 Qf1+  0-1

[Event "5th Open"]
[Site "Marseille FRA"]
[Date "2004.07.02"]
[Round "9"]
[White "Guidarelli,L"]
[Black "Poisson,O"]
[Result "0-1"]
[WhiteElo "2444"]
[BlackElo "2132"]

1.d4 Nf6 2.c4 e6 3.Nf3 d5 4.Nc3 c6 5.e3 Nbd7 6.Qc2 Bd6 7.g4 h6 8.Rg1 e5 9.cxd5 cxd5
10.h4 e4 11.Nd2 g5 12.h5 Nb6 13.Be2 Be6 14.a4 Rc8 15.a5 Nbd7 16.Qb3 b6 17.axb6 Qxb6
18.Ra6 Qb8 19.Qa4 O-O 20.Rxa7 Bb4 21.Ndb1 Qh2 22.Rf1 Rb8 23.Qd1 Nb6 24.Kd2 Rfc8
25.Rh1 Qd6 26.Ke1 Nc4 27.Ra2 Qd7 28.Rg1 Qc7 29.Rg2 Ne8 30.Kf1 Ned6 31.Na4 Ne5
32.Nbc3 Nf3 33.Bxf3 exf3 34.Qxf3 Ne4 35.Kg1 Ra8 36.Kh1 Qc4 37.Nb6 Qf1+ 38.Rg1 Nxf2+
39.Kh2 Bd6+ 40.Rg3 Nxg4+  0-1

[Event "32nd World Open"]
[Site "Philadelphia USA"]
[Date "2004.07.02"]
[Round "2"]
[White "Gurevich,D"]
[Black "Stamnov,A"]
[Result "1-0"]
[WhiteElo "2504"]
[BlackElo "2286"]

1.c4 c6 2.d4 d5 3.e3 Nf6 4.Nc3 e6 5.Nf3 Nbd7 6.Bd2 Bd6 7.Bd3 dxc4 8.Bxc4 e5
9.O-O O-O 10.Qc2 Qe7 11.h3 h6 12.Nh4 Nb6 13.Bb3 Be6 14.Nf5 Qd7 15.Nxd6 Qxd6
16.dxe5 Qxe5 17.e4 Bxb3 18.axb3 Rfe8 19.Be3 Qe6 20.Rfe1 g5 21.f3 Nfd7 22.Ne2 a6
23.Nd4 Qg6 24.Nf5 Rad8 25.Rad1 Nc8 26.Qc3 Nf8 27.Rxd8 Rxd8 28.h4 Ne6 29.hxg5 hxg5
30.Kf2 Qh5 31.Qc1 Qg6 32.Rh1 f6 33.Rh6  1-0

[Event "32nd World Open"]
[Site "Philadelphia USA"]
[Date "2004.07.03"]
[Round "5"]
[White "Ginsburg,M"]
[Black "Ruiz Gonzalez,G"]
[Result "1-0"]
[WhiteElo "2364"]
[BlackElo "2214"]

1.c4 c6 2.d4 d5 3.Nc3 Nf6 4.e3 e6 5.Nf3 Nbd7 6.a3 a5 7.Bd3 b6 8.O-O Bd6 9.e4 dxe4
10.Nxe4 Nxe4 11.Bxe4 Bb7 12.Qc2 h6 13.Re1 O-O 14.Ne5 Bxe5 15.dxe5 Qc7 16.Bf4 f6
17.Rad1 Nxe5 18.c5 Rad8 19.Qb3 bxc5 20.Qxe6+ Qf7 21.Qf5 g6 22.Qh3 h5 23.Qc3 c4
24.Bxe5 fxe5 25.f3 c5 26.Bxb7 Qxb7 27.Qxc4+ Kh7 28.Qxc5 Qxb2 29.Rxd8  1-0

[Event "19th North Sea Cup"]
[Site "Esbjerg DEN"]
[Date "2004.07.04"]
[Round "3"]
[White "Hoi,C"]
[Black "Poulsen,I"]
[Result "1-0"]
[WhiteElo "2381"]
[BlackElo "2130"]

1.d4 d5 2.Nf3 Nf6 3.c4 e6 4.Nc3 c6 5.e3 Nbd7 6.Bd3 dxc4 7.Bxc4 b5 8.Bd3 Bb7
9.e4 b4 10.Na4 c5 11.e5 Nd5 12.O-O cxd4 13.Nxd4 Be7 14.Re1 Qa5 15.Bd2 O-O
16.a3 Rfc8 17.Bb5 Qd8 18.axb4 N7b6 19.Nc5 Bxc5 20.bxc5 Rxc5 21.Qg4 Nc7 22.Bg5 Qf8
23.Bd3 g6 24.Nb3 Rd5 25.Be4 Qb4 26.Qg3 Nd7 27.Bxd5 Bxd5 28.Nd2 Qxb2 29.Nf1 h5
30.Qf4 a5 31.Rab1 Qa2 32.Bf6 Ne8 33.Ne3 Kh7 34.Be7 Kg7 35.g4 hxg4 36.Qd4 Nf8
37.Ra1 Qb3 38.Reb1  1-0

[Event "ch-NOR"]
[Site "Molde NOR"]
[Date "2004.07.04"]
[Round "2"]
[White "Johannessen,LE"]
[Black "Leer Salvesen,B"]
[Result "1-0"]
[WhiteElo "2521"]
[BlackElo "2341"]

1.d4 e6 2.c4 d5 3.Nc3 c6 4.e3 Nf6 5.Nf3 Nbd7 6.Qc2 Bd6 7.g4 Nxg4 8.Rg1 Nxh2
9.Nxh2 Bxh2 10.Rxg7 Nf8 11.Rg2 Bd6 12.e4 dxe4 13.Nxe4 Be7 14.Bh6 Ng6 15.O-O-O Bd7
16.Bg7 Rg8 17.Be5 Qa5 18.Kb1 O-O-O 19.Nd6+ Bxd6 20.Bxd6 c5 21.dxc5 Ba4 22.b3 Bc6
23.Rh2 Rd7 24.Bg2 Ne5 25.Bxc6 Nxc6 26.Qe4 Nb4 27.f3 Qa6 28.Rhd2 Rgd8 29.f4 Qc6
30.Qxc6+ Nxc6 31.Kc2 b6 32.cxb6 axb6 33.b4 Kb7 34.a4 Na7 35.b5 Nc8 36.Bb4 Rxd2+
37.Bxd2 Ne7 38.Rh1 Nf5 39.Rxh7 Nd4+ 40.Kb2 Rd7 41.Bc3 Ne2 42.Be5 Ng3 43.a5 Ne4
44.a6+ Ka7 45.Rh8 f6 46.Bb8+ Ka8 47.Re8 f5 48.Be5+ Ka7 49.Bb8+ Ka8 50.Be5+ Ka7
51.Rxe6 Rd2+ 52.Kc1 Rd7 53.Rc6 Nd2 54.Kc2 Ne4 55.Bc7  1-0

[Event "Open A"]
[Site "Klatovy CZE"]
[Date "2004.07.05"]
[Round "3"]
[White "Neuman,P"]
[Black "Folkova,M"]
[Result "1-0"]
[WhiteElo "2428"]
[BlackElo "2165"]

1.d4 d5 2.c4 e6 3.Nc3 c6 4.e3 Nf6 5.Nf3 Nbd7 6.Bd3 dxc4 7.Bxc4 b5 8.Bb3 a6
9.e4 c5 10.d5 c4 11.dxe6 fxe6 12.Bc2 Qc7 13.O-O Ne5 14.Nxe5 Qxe5 15.f4 Bc5+
16.Kh1 Qd4 17.e5 Qxd1 18.Rxd1 Ng4 19.Ne4 Nf2+ 20.Nxf2 Bxf2 21.Be4 Ra7 22.Bd2 Bd7
23.g3 a5 24.Kg2 Bd4 25.Bc3 Bxc3 26.bxc3 Ke7 27.a3 Ra6 28.Kf2 Rb6 29.Ke3 h6
30.Rd4 Rc8 31.Ra2 Rc7 32.Rb2 Rc8 33.Rbd2 Rc7 34.Rd6 Rb8 35.Rb2 Ra7 36.Kd4 Rc8
37.g4 Rf8 38.Rf2 Rc7 39.Rb6 Rd8 40.Ke3 Be8 41.f5 exf5 42.gxf5 Rcd7 43.f6+ gxf6
44.Rfxf6 Rd1 45.Rbe6+ Kd7 46.Bc6+  1-0

[Event "3rd Open"]
[Site "La Fere FRA"]
[Date "2004.07.05"]
[Round "3"]
[White "Dumitrache,D"]
[Black "Benitah,Y"]
[Result "1/2-1/2"]
[WhiteElo "2470"]
[BlackElo "2408"]

1.Nf3 d5 2.c4 c6 3.e3 Nf6 4.Nc3 e6 5.d4 Nbd7 6.Qc2 Bd6 7.Bd3 dxc4 8.Bxc4 O-O
9.O-O Qe7 10.Bb3 e5 11.Bd2 Bb8 12.h3 h6 13.dxe5 Nxe5 14.Nxe5 Qxe5 15.f4 Qc5
16.Nd5 Qxc2 17.Nxf6+ gxf6 18.Bxc2 Bd6 19.Bc3 Be7 20.f5 b5 21.Be4 Ba6 22.b4 Rac8
23.a3 Rfe8 24.Kf2 Rc7 25.Kf3 c5 26.Rfd1 Bc8 27.Rac1 c4 28.g4 a5 29.Bd5 Bb7
30.Ra1 axb4 31.axb4 Rd8 32.Bxb7 Rxd1 33.Rxd1 Rxb7 34.Ra1 Rd7 35.Ra5 Rd3 36.Bd4 Bxb4
37.Rxb5 Bc3 38.Bxc3 Rxc3 39.Ke4 Rc1 40.Rc5 Rh1  1/2-1/2

[Event "ch-NOR"]
[Site "Molde NOR"]
[Date "2004.07.05"]
[Round "3"]
[White "Leer Salvesen,B"]
[Black "Jansson,J"]
[Result "0-1"]
[WhiteElo "2341"]
[BlackElo "2256"]

1.c4 c6 2.Nf3 d5 3.d4 e6 4.Nc3 Nf6 5.e3 Nbd7 6.Bd3 Bd6 7.O-O dxc4 8.Bxc4 O-O
9.e4 e5 10.a4 exd4 11.Nxd4 Nc5 12.Nf5 Be5 13.Qxd8 Rxd8 14.Ne7+ Kf8 15.Nxc8 Raxc8
16.f3 Rd4 17.Be2 Nb3 18.Rb1 Nxc1 19.Rfxc1 Rd2 20.Kf2 Rcd8 21.Rd1 Ke7 22.Rxd2 Rxd2
23.Ke3 Rd8 24.f4 Bd4+ 25.Kf3 b6 26.Rc1 Nd7 27.b4 a5 28.b5 Bxc3 29.Rxc3 cxb5
30.Bxb5 Nc5 31.Ke3 Rd1 32.e5 Re1+ 33.Kf3 h5 34.Rc4 Rb1 35.Rc2 Rb4 36.Ra2 Ne6
37.Ba6 Rxf4+ 38.Ke3 Rb4 39.g3 Rb3+ 40.Ke4  0-1

[Event "Open"]
[Site "Olomouc CZE"]
[Date "2004.07.05"]
[Round "1"]
[White "Plachetka,J"]
[Black "Foltyn,L"]
[Result "1/2-1/2"]
[WhiteElo "2435"]
[BlackElo "1978"]

1.d4 d5 2.c4 c6 3.Nf3 Nf6 4.e3 e6 5.Nc3 Nbd7 6.Qc2 Bd6 7.Be2 O-O 8.O-O Re8
9.Rd1 Nf8 10.e4 Nxe4 11.Nxe4 dxe4 12.Qxe4 Ng6 13.Bf1 Qe7 14.Bg5 f6 15.Be3 e5
16.c5 Bc7 17.Bc4+ Be6 18.d5 f5 19.Qc2 cxd5 20.Bxd5 f4 21.Bxe6+ Qxe6 22.Ng5 Qe7
23.Qb3+ Kh8 24.Nf7+ Kg8 25.Nxe5+ Qe6 26.Qxe6+ Rxe6 27.Nxg6 fxe3 28.Nh4 e2
29.Rdb1 b6 30.cxb6 Bxb6 31.Nf3 Rd8 32.b4 Red6 33.g3 Rd1+ 34.Kg2 Rxb1 35.Rxb1 Rd1
36.Rb2 e1=Q 37.Nxe1 Rxe1 38.a4 a5 39.bxa5 Bxa5 40.Rb5 Bc3 41.Rb3 Ba5 42.Rb5 Bc3
43.Rb3 Rc1 44.f4 Be1 45.Rb8+ Kf7 46.Rb7+ Kg6 47.Rb6+ Kf7 48.Rb7+  1/2-1/2

[Event "Proclient Cup"]
[Site "Olomouc CZE"]
[Date "2004.07.05"]
[Round "2"]
[White "Mankeyev,Raua"]
[Black "Kennaugh,C"]
[Result "1-0"]
[WhiteElo "2258"]
[BlackElo "2287"]

1.c4 e6 2.d4 d5 3.Nf3 c6 4.e3 Nf6 5.Nc3 Nbd7 6.Qc2 Bd6 7.Bd3 O-O 8.O-O dxc4
9.Bxc4 e5 10.Re1 Qc7 11.a3 h6 12.dxe5 Nxe5 13.Nxe5 Bxe5 14.f4 Bd6 15.Rf1 Qa5
16.b4 Bf5 17.e4 Qb6+ 18.Kh1 Bh7 19.Bb2 Ng4 20.Qe2 h5 21.h3 Ne3 22.e5 Nxf1
23.Rxf1 Rae8 24.Ne4 Bxe4 25.Qxe4 Bb8 26.Bd4 Qd8 27.Bc5 Qd2 28.Qf3 g6 29.f5 Qg5
30.Bxf8 Rxf8 31.fxg6 Qxe5 32.gxf7+ Kh8 33.g3 Bd6 34.Qf6+ Qxf6 35.Rxf6 Be7
36.Rg6 Kh7 37.Rg8 b5 38.Bd3+  1-0

[Event "Proclient Cup"]
[Site "Olomouc CZE"]
[Date "2004.07.05"]
[Round "2"]
[White "Savage,B"]
[Black "Chytilek,R"]
[Result "0-1"]
[WhiteElo "2204"]
[BlackElo "2418"]

1.d4 d5 2.c4 c6 3.Nf3 Nf6 4.e3 e6 5.Nc3 Nbd7 6.Qc2 Bd6 7.Bd3 dxc4 8.Bxc4 O-O
9.O-O a6 10.a3 Qc7 11.h3 b5 12.Be2 c5 13.Rd1 cxd4 14.Nxd4 Bb7 15.Bf3 Bxf3
16.Nxf3 Nc5 17.Nd4 Rfd8 18.Bd2 Rac8 19.Rac1 Qb7 20.Be1 g6 21.Nb3 Na4 22.Qe2 Nb6
23.Na5 Qa8 24.Na2 Nbd5 25.Qf3 Be5 26.e4 Rxc1 27.Rxc1 Nf4 28.Nb4 Qxe4 29.Qxe4 Nxe4
30.Rb1 Nd2 31.Bxd2 Rxd2 32.Nxa6 Nd3 33.b3 Nxf2 34.Nc6 Bf4 35.a4 Ne4 36.axb5 Nc3
37.Re1 Nxb5 38.Nc5 Rc2 39.b4 Bd2 40.Re5 Bc3 41.Re4 Nd6 42.Rf4 Bxb4 43.Ne7+ Kf8
44.Rxb4 Rxc5  0-1

[Event "32nd World Open"]
[Site "Philadelphia USA"]
[Date "2004.07.05"]
[Round "8"]
[White "Muhammad,S"]
[Black "Kaufman,La"]
[Result "1/2-1/2"]
[WhiteElo "2378"]
[BlackElo "2364"]

1.d4 d5 2.Nf3 Nf6 3.c4 e6 4.Nc3 c6 5.e3 Nbd7 6.Bd3 dxc4 7.Bxc4 b5 8.Bd3 Bd6
9.O-O O-O 10.Qc2 Bb7 11.Rd1 Qc7 12.h3 a6 13.a4 b4 14.Ne4 Nxe4 15.Bxe4 Nf6
16.Bd3 c5 17.Qe2 Ne4 18.Bd2 Nxd2 19.Rxd2 g6 20.Rc1 Qa5 21.dxc5 Bxc5 22.Ne5 Ba7
23.Nc6 Bxc6 24.Rxc6 Bb8 25.b3 Qd5 26.Rc4 Qd6 27.g3 Qe7 28.Be4 Ra7 29.Rc6 a5
30.Qb5 Rd8 31.Rxd8+ Qxd8 32.Qc5 Kg7 33.Kg2 Qd7 34.Qb6 Be5 35.h4 Bc3 36.h5 Qe7
37.hxg6 hxg6 38.Bf3 Rd7 39.Qxa5 Qf6 40.Qc5 Rd2 41.Rc8 Kh7 42.Qf8 Qg7 43.Qe7 Qf6
44.Qxf6 Bxf6 45.Bc6 Rb2 46.Be8 Rxb3 47.Bxf7 Ra3 48.Bxe6 b3 49.Rb8 b2 50.Bd5 Rxa4
51.f4 g5 52.Kf3 gxf4 53.gxf4 Kg7 54.Rb7+ Kh8 55.Be4 Bc3 56.Bg6 Rb4  1/2-1/2

[Event "32nd World Open"]
[Site "Philadelphia USA"]
[Date "2004.07.05"]
[Round "8"]
[White "Gurevich,D"]
[Black "Ippolito,D"]
[Result "1-0"]
[WhiteElo "2504"]
[BlackElo "2387"]

1.d4 d5 2.c4 c6 3.e3 Nf6 4.Nc3 e6 5.Nf3 Nbd7 6.Bd2 a6 7.b3 Bd6 8.Bd3 e5 9.cxd5 cxd5
10.dxe5 Nxe5 11.Nxe5 Bxe5 12.Rc1 O-O 13.Ne2 Re8 14.Bc3 Bb8 15.Qc2 Ne4 16.O-O Nxc3
17.Qxc3 Bg4 18.Qc2 Qd6 19.g3 Qh6 20.Nd4 Ba7 21.Bf5 Bh5 22.Qd3 g6 23.Bh3 Bxd4
24.Qxd4 Be2 25.Rfe1 Qxh3 26.Rxe2 Rad8 27.Rc7 Rd7 28.Rxd7 Qxd7 29.Rd2 Rc8
30.Kg2 h5 31.a4 Rc1 32.h3 Rb1 33.Qd3 Re1 34.e4 Qe6 35.Qxd5 Qb6 36.Qd8+ Qxd8
37.Rxd8+ Kg7 38.Rd7 b5 39.axb5 axb5 40.Rd5 h4 41.gxh4 b4 42.Rd4 Kf6 43.Rxb4 Ke5
44.Kg3 Rg1+ 45.Kf3 Rh1 46.Rb5+  1-0

[Event "54th ch-RUS w"]
[Site "Kazan RUS"]
[Date "2004.07.06"]
[Round "7"]
[White "Zaiatz,E"]
[Black "Shadrina,T"]
[Result "1/2-1/2"]
[WhiteElo "2344"]
[BlackElo "2380"]

1.d4 d5 2.c4 e6 3.Nc3 c6 4.e3 Nf6 5.Nf3 Nbd7 6.Bd3 Be7 7.O-O O-O 8.e4 dxe4
9.Nxe4 Nxe4 10.Bxe4 Nf6 11.Bc2 c5 12.b3 b6 13.Bb2 Bb7 14.dxc5 Qxd1 15.Rfxd1  1/2-1/2

[Event "ch-NOR"]
[Site "Molde NOR"]
[Date "2004.07.06"]
[Round "5"]
[White "Gausel,E"]
[Black "Johannessen,LE"]
[Result "1/2-1/2"]
[WhiteElo "2520"]
[BlackElo "2521"]

1.d4 d5 2.Nf3 Nf6 3.c4 e6 4.Nc3 c6 5.e3 Nbd7 6.Bd3 dxc4 7.Bxc4 b5 8.Be2 b4
9.Na4 Bb7 10.O-O Be7 11.Bd2 O-O 12.Rc1 a5 13.Qb3 Ne4 14.Rfd1 c5 15.Be1 Rc8
16.a3 cxd4 17.exd4 Bd5 18.Qe3 Rxc1 19.Rxc1 Qb8 20.axb4 axb4 21.Bd3 Bd6 22.Qe2 f5
23.Bc4 Rc8 24.Bxd5 exd5 25.Rxc8+ Qxc8 26.Qd1 Qc6  1/2-1/2

[Event "TCh-GRE"]
[Site "Aghia Pelagia GRE"]
[Date "2004.07.07"]
[Round "5"]
[White "Kapnisis,S"]
[Black "Tsekouras,T"]
[Result "1-0"]
[WhiteElo "2429"]
[BlackElo "2269"]

1.d4 d5 2.c4 c6 3.Nc3 Nf6 4.Nf3 e6 5.e3 Nbd7 6.Qc2 Bd6 7.b3 O-O 8.Be2 Re8
9.O-O dxc4 10.bxc4 e5 11.a4 Qe7 12.Rd1 e4 13.Nd2 Nf8 14.c5 Bc7 15.Nf1 Ng6
16.Ba3 Qe6 17.Ng3 Nh4 18.Qa2 Nd5 19.Bc4 Nxc3 20.Bxe6 Nxa2 21.Bxa2 Bg4 22.Rdc1 Rad8
23.Rab1 Bc8 24.Nf1 Ba5 25.Bb4 Bc7 26.Nd2 h5 27.Rb2 Nf5 28.Bb1 Ne7 29.Nxe4 Nd5
30.Bd2 g6 31.Ng5 f6 32.Nf3 Kg7 33.g3 f5 34.h4 Nf6 35.Ng5 Re7 36.Bd3 Rde8
37.Kg2 Ng4 38.Re1 Kg8 39.Bc4+ Kg7 40.Rb3 Nf6 41.Bc3 Nd5 42.Bb2 Ba5 43.Re2 Bc7
44.Bc1 Ba5 45.f3 Nf6 46.Bb2 Kf8 47.Rd3 Bc7 48.Kf2 Bb8 49.Rd1 Bc7 50.Rde1 Ba5
51.Rf1 Bc7 52.Bc1 Kg7 53.Kg2 Nd5 54.e4 Nc3 55.Rc2 Nxa4 56.Bb3 b5 57.cxb6 Nxb6
58.Rxc6 Bb8 59.d5 fxe4 60.fxe4 Ba6 61.Bb2+ Kh6 62.Rff6 Rg7 63.Bc1 Be5 64.Ne6+ Kh7
65.Nxg7 Rg8 66.Rxg6 Rxg7  1-0

[Event "3rd Open"]
[Site "La Fere FRA"]
[Date "2004.07.07"]
[Round "6"]
[White "Levin,F"]
[Black "Molenaar,J"]
[Result "1-0"]
[WhiteElo "2506"]
[BlackElo "2171"]

1.d4 d5 2.c4 c6 3.Nc3 e6 4.e3 Nf6 5.Nf3 Nbd7 6.Qc2 Bd6 7.b3 O-O 8.Be2 Re8
9.O-O h6 10.Rd1 b6 11.e4 dxe4 12.Nxe4 Nxe4 13.Qxe4 Bb7 14.Bb2 Qe7 15.a3 e5
16.dxe5 Nxe5 17.Nxe5 c5 18.Qf5 Bxe5 19.Rd7 Qe6 20.Qxe6 Rxe6 21.Bg4 Bxb2 22.Bxe6 Bc6
23.Bxf7+ Kf8 24.Rad1 Bxd7 25.Rxd7 Bxa3 26.h4 Bb2 27.Bd5 Rb8 28.Rxa7 b5 29.cxb5 Rxb5
30.Rf7+ Ke8 31.Rxg7 Rb6 32.Rh7 Rd6 33.Bc4 Rd1+ 34.Kh2 Bd4 35.f4 Be3 36.g3 Rd2+
37.Kh3 Rd6 38.g4 Kf8 39.g5 hxg5 40.hxg5 Rb6 41.f5 Rd6 42.f6  1-0

[Event "TCh-GRE"]
[Site "Aghia Pelagia GRE"]
[Date "2004.07.08"]
[Round "6"]
[White "Logothetis,S"]
[Black "Kapnisis,S"]
[Result "1/2-1/2"]
[WhiteElo "2233"]
[BlackElo "2429"]

1.d4 d5 2.c4 e6 3.Nf3 Nf6 4.Nc3 c6 5.e3 Nbd7 6.Bd3 dxc4 7.Bxc4 b5 8.Bd3 a6
9.a4 b4 10.Ne4 c5 11.dxc5 Nxc5 12.Nxc5 Bxc5 13.e4 e5 14.O-O O-O 15.Bg5 Qe7
16.Rc1 Bd6 17.Qe2 h6 18.Bh4 g5 19.Bg3 Nh5 20.Bc4 a5 21.Rfd1 Nf4 22.Bxf4 gxf4
23.Bd5 Ba6  1/2-1/2

[Event "TCh-GRE"]
[Site "Aghia Pelagia GRE"]
[Date "2004.07.08"]
[Round "6"]
[White "Graf,A"]
[Black "Berkes,F"]
[Result "1/2-1/2"]
[WhiteElo "2661"]
[BlackElo "2614"]

1.d4 d5 2.c4 c6 3.Nc3 Nf6 4.e3 e6 5.Nf3 Nbd7 6.Bd3 dxc4 7.Bxc4 b5 8.Bd3 a6
9.e4 c5 10.d5 c4 11.Bc2 Qc7 12.O-O Bb7 13.dxe6 fxe6 14.Nd4 Nc5 15.Be3 e5
16.Nf5 Ncxe4 17.Nxe4 Nxe4 18.Re1 g6 19.Nh6 Bg7 20.Qb1 Qc6 21.f3 Nc5 22.b4 Nd3
23.Bxd3 cxd3 24.Qxd3 e4 25.Qb3 Qc4 26.Rad1  1/2-1/2

[Event "GP CG de l'Heralt"]
[Site "Montpellier FRA"]
[Date "2004.07.09"]
[Round "5"]
[White "Laclau,D"]
[Black "Bauer,Ch"]
[Result "0-1"]
[WhiteElo "2280"]
[BlackElo "2590"]

1.d4 d5 2.Nf3 Nf6 3.c4 e6 4.Nc3 c6 5.e3 Nbd7 6.Qc2 Bd6 7.Bd3 O-O 8.O-O dxc4
9.Bxc4 b5 10.Bd3 Bb7 11.a3 a6 12.b4 a5 13.Rb1 axb4 14.axb4 Qe7 15.Bd2 Rfe8
16.Rfc1 h6 17.Ne4 Nxe4 18.Bxe4 Ra6 19.Bd3 Ra4 20.Qc3 e5 21.Bc2 Ra6 22.dxe5 Nxe5
23.Nxe5 Bxe5 24.Qd3 g6 25.Bb3 Bg7 26.Bc3 Bc8 27.Ra1 Rxa1 28.Rxa1 Bf5 29.e4 Bxe4  0-1